000 01062nam a2200313 i 4500
001 66540
003 ES-MaACL
005 20250510180013.0
007 t|
008 030527s2003 sp ||||0| spa d
020 _a84-7584-497-9
080 _a929 Trotsky, Leon
080 _a329(460)(091)
080 _a94(460)"1931/39"
080 _a94(460)"1936/39"
100 1 _aIglesias, Ignacio.
_965078
245 1 0 _aExperiencias de la revolución española :
_b(el POUM, Trotski y la intervención soviética) /
_cIgnacio Iglesias.
250 _a1ª ed.
260 _aBarcelona :
_bLaertes,
_c2003.
300 _a326 p :
_bil. ;
_c23 cm.
600 1 4 _aTrotsky, Leon,
_d1879-1940
_9240350
600 1 4 _aNin, Andreu.
_985748
610 2 4 _aPartido Obrero de Unificación Marxista (España)
_96145
650 1 4 _aMovimiento obrero-
_zEspaña-
_y1931-1939.
_915212
651 4 _aEspaña-
_xHistoria-
_y1931-1939, II República.
_98283
651 4 _aEspaña-
_xHistoria-
_y1936-1939, Guerra civil.
_98292
852 _aES-MaACL
_jL-27028
999 _c66540
_d66540